000 00725cam a22002537a 4500
003 CHAP
005 20220329133544.0
008 971013s1992 r 00010 d
010 _a7827
011 _a8799
035 _a8030
040 _cCHAP
082 _a335.6
_bA5
100 0 0 _aAlcocer V., Jorge.
_93644
245 1 3 _aEl futuro de la izquierda en México
260 _aMéxico, D.F. :
_bCentro de Estudios para un Proyecto Nacional,
_c1992
300 _a327 p
590 _aBATCH-UPD
_b10
_c20130110
_lUCH01
_h1002
590 _aCONVERSION
_b10
_c20130109
_lUCH01
_h1305
650 1 4 _aSocialismo.
_9108040
901 _aBK
942 _cLIBRO
949 _a335.6 A5
_bBC
_cLIBRO
_d33724000351060
_eLIBRO
_h84278
_i8030
_mD
_si
999 _c7827
_d7827